| 000 | 00887aam a2200301 i 4500 | ||
|---|---|---|---|
| 001 | 768714001 | ||
| 003 | CO-MdFUSB | ||
| 005 | 20251015124149.0 | ||
| 007 | ta | ||
| 008 | 251015t1968 ag |||| |||| 00| 0 spa d | ||
| 040 | _cCO-MdFUSB | ||
| 041 | 0 | _aspa | |
| 082 | 0 | 4 |
_223 _a251.1 _bB6325q |
| 100 | 1 |
_aBlackwood, Andrew Watterson _eautor |
|
| 245 | 1 | 3 |
_aLa preparación de sermones bíblicos _c/ Andres W. Blackwood ; traducido por Santiago D. Crane |
| 250 | _atercera edición | ||
| 264 | 1 |
_bCasa Bautista de Publicaciones, _aBuenos Aires, Argentina : _c[1968] |
|
| 264 | 4 | _c©1968 | |
| 300 | _a254 páginas | ||
| 336 |
_atexto _btxt _2rdacontent |
||
| 337 |
_2rdamedia _asin mediación _bn |
||
| 338 |
_2rdacarrier _avolumen _bnc |
||
| 563 | _aRústico | ||
| 650 | 0 |
_aPredicación _954 |
|
| 700 |
_aCrane, Santiago D., _911988 _etraductor |
||
| 942 | _cBK | ||
| 945 | _aJTF-925 | ||
| 999 |
_c38520 _d38520 |
||